Gran subhasta d'art : Antiguitats de gran qualitat, pintura catalana seleccionada : magnìfic conjunt de mobiliari, ceràmica, robes, etc. Antiguitats de gran qualitat, pintura catalana seleccionada : magnìfic conjunt de mobiliari, ceràmica, robes, etc.
MARC
| LEADER | 00000nam a2200000 a 4500 | ||
|---|---|---|---|
| 001 | 24926 | ||
| 003 | AGDB | ||
| 005 | 20260324181544.0 | ||
| 008 | 260115b spa||||| |||| 00| 0 cat d | ||
| 040 | |a agdb |b cat | ||
| 041 | |a cat | ||
| 110 | |a Sala Parés |9 72861 |e institució d'acollida | ||
| 245 | |a Gran subhasta d'art : |b Antiguitats de gran qualitat, pintura catalana seleccionada : magnìfic conjunt de mobiliari, ceràmica, robes, etc. | ||
| 260 | |a Barcelona : |b Sala Parés, |c 1931 | ||
| 300 | |a [4] pàgines : |b il·lustracions en blanc i negre ; |c 26 x 21 cm | ||
| 500 | |a Prové del fons Joan Junyer i Pascual (1909-1994) | ||
| 500 | |a Catàleg de pintures de la subhasta celebrada a la Sala Parés, Barcelona, del 16 al 20 de març de 1931. Les obres es van exposar els dies previs (14 i 15 de març de 1931) | ||
| 650 | |a Fons Joan Junyer i Pascual (1909-1994) |9 72777 | ||
| 650 | 0 | |a Subhastes d'art |2 Arxiu |9 41643 | |
| 650 | 0 | |a Art |x Exposicions |x Catàlegs |2 Arxiu |9 47687 | |
| 942 | |2 udc |c ARXIU |n 1 | ||
| 952 | |0 0 |1 0 |2 udc |4 0 |6 F504355 |7 1 |9 98950 |a Arxiu |b Arxiu |d 2026-01-15 |l 0 |o F-504-355 |p 24926 |r 2026-01-15 10:54:22 |w 2026-01-15 |y ARXIU | ||
| 999 | |c 130618 |d 130618 | ||